000 00309nam a22001337a 4500
008 171103b xxu||||| |||| 00| 0 eng d
020 _a9780201564006
041 _aeng
080 _a339.138
100 _a60
101 _aMAR
245 _aTHE MARKETING CHALLENGE EUROPE 1992
_cJOHN.A.Q
942 _2udc
_cBK
999 _c37554
_d37554